000 00237nam a22000857a 4500
008 170112b xxu||||| |||| 00| 0 eng d
100 _92369
_aSiddiqi. M. N
245 _aOrient Genaral Science -2
260 _aNew Delhi
_bNavdeep Publication
_c2007
999 _c5352
_d5352